000 00515cam a22001934a 4500
005 20250605164318.0
008 250528s ||||||||||||||||||||||||d
035 _a22791
020 _a9780748722457
040 _aGR-AtMCL
_bgre
_dGR-AtMCL
_eAACR2
245 1 _aINTERNATIONAL MANAGEMENT: A REVIEW OF STRATEGIES AND OPERATIONS
250 _a3
260 _bStanley Thornes (Publishers) Ltd,
_c1996
300 _a318
700 1 _aMichael Z. Brooke
_98473
942 _cBK
999 _c7836
_d7836